Normal view
MARC view
- MS-MTS-20
Entry Topical Term
001 - CONTROL NUMBER
- control field: 107121
003 - CONTROL NUMBER IDENTIFIER
- control field: NUST
005 - DATE AND TIME OF LATEST TRANSACTION
- control field: 20230119140436.0
008 - FIXED-LENGTH DATA ELEMENTS
- fixed length control field: 230119|| aca||aabn | a|a d
040 ## - CATALOGING SOURCE
- Original cataloging agency: NUST
- Transcribing agency: NUST
150 ## - HEADING--TOPICAL TERM
- Topical term or geographic name entry element: MS-MTS-20
670 ## - SOURCE DATA FOUND
- Source citation: Work cat.: (NUST): Mujtaba Rafique Ghoto 107120, TH-SOF-2121-Integrated Product-Process Design: Conceptual Framework for Data Driven Manufacturing Resource Selection, 2022.
